| 000 | 00744 a2200241 4500 | ||
|---|---|---|---|
| 003 | OSt | ||
| 005 | 20260312111833.0 | ||
| 008 | 260312b |||||||| |||| 00| 0 eng d | ||
| 020 | _a9789776790025 (pbk) | ||
| 037 | _cTB | ||
| 040 |
_aAL _bpun _cAL |
||
| 041 |
_apun _dpun |
||
| 100 |
_amahfouz, Naguib _9846727 |
||
| 245 | _a Beggar | ||
| 260 |
_aCairo, Egypt: _bAmerican University in Cairo Press, _c1986. |
||
| 300 | _a99p. | ||
| 365 |
_b9.99 _cGBP |
||
| 600 |
_aArabic Literature _91131756 |
||
| 600 |
_aArabic Novel _91131757 |
||
| 700 |
_aNariman Khales Nailli Warraki _e Tr. _91131758 |
||
| 942 |
_cTB _2CC _hO28,3N11,BE 111M6 |
||
| 999 |
_c1464114 _d1464114 |
||